Manual de psicología forense : (Registro nro. 21677)

Detalles MARC
000 -Cabecera
Campo de control interno 01471nam a2200277Ia 4500
005 - Fecha y hora del registro
control field 20260420104759.0
008 - Elementos de Longitud Fija
fixed length control field 260320s9999||||xx |||||||||||||| ||und||
020 ## - ISBN
ISBN 9788433031372
041 ## - Idioma
Codigo Idioma ESP
082 ## - DEWEY y NOTACIÓN INTERNA
Dewey 364.3
Notación Interna G63
100 ## - AUTOR
Autor denominación Gómez Hermoso, María del Rocío,
Término de relación autor
245 #0 - TÍTULO DE MATERIAL BIBLIOGRÁFICO
Título Manual de psicología forense :
Título paralelo especial mención a la regulación del trabajo de la perito, entrevista forense, agresores sexuales y valoración de la peligrosidad
250 ## - EDICIÓN
Edición Segunda edición
260 ## - CIUDAD, EDITORIAL, AÑO
Ciudad Bilbao :
Nombre de la Editorial Desclée De Brouwer,
Año 2021
300 ## - DESCRIPCIÓN
N° Páginas 244 páginas :
Otros detalles cuadros ;
Dimensiones 21 cm.
440 ## - MENCIÓN DE SERIE
Título de la Serie (Biblioteca de psicología
Número de Serie ; número 256)
650 ## - TEMAS
Temas Ciencias Sociales
653 ## - DESCRIPTORES
Lenguajes no controlado Psicología forense - España; Vigilancia penitenciaria
654 ## - PROGRAMAS
Programa Dpto. de Administración de Negocios
856 ## - URL - UBICACIÓN
URI/URL: Enlace exacto del recurso <a href="https://0u20yx6se-y-https-www-bibliotechnia-com-mx.itmsp.museknowledge.com/otros/visor/?bock=5496">https://0u20yx6se-y-https-www-bibliotechnia-com-mx.itmsp.museknowledge.com/otros/visor/?bock=5496</a>
Nota pública: Versión digital <a href="Véase además: Psicología forense: estudio de la mente criminal. Versión digital">Véase además: Psicología forense: estudio de la mente criminal. Versión digital</a>
856 ## - URL - UBICACIÓN
URI/URL: Enlace exacto del recurso <a href="https://0u20yx6se-y-https-www-bibliotechnia-com-mx.itmsp.museknowledge.com/catalogo">https://0u20yx6se-y-https-www-bibliotechnia-com-mx.itmsp.museknowledge.com/catalogo</a>
Nota pública: Versión digital <a href="Véase además: Base de datos BiblioTechnia">Véase además: Base de datos BiblioTechnia</a>
856 ## - URL - UBICACIÓN
URI/URL: Enlace exacto del recurso <a href="https://0u20vx6qe-y-https-ebookcentral-proquest-com.itmsp.museknowledge.com/lib/catolicasp/home.action">https://0u20vx6qe-y-https-ebookcentral-proquest-com.itmsp.museknowledge.com/lib/catolicasp/home.action</a>
Nota pública: Versión digital <a href="Véase además: Base de datos ProQuest Ebook Central">Véase además: Base de datos ProQuest Ebook Central</a>
856 ## - URL - UBICACIÓN
URI/URL: Enlace exacto del recurso <a href="https://0u20fx6sw-y-https-research-ebsco-com.itmsp.museknowledge.com/c/qxo6us/search">https://0u20fx6sw-y-https-research-ebsco-com.itmsp.museknowledge.com/c/qxo6us/search</a>
Nota pública: Versión digital <a href="Véase además: Base de datos EBSCOhost">Véase además: Base de datos EBSCOhost</a>
942 ## - ELEMENTOS DE KOHA
Tipo de documento Libro
Nombre del creador Justo Noguera
Código de catalogador Margarita Torres
Esquema de clasificación Dewey Decimal Classification
Existencias
Codigo completo Registro Colección Copia número Disponibilidad Tipo de préstamo Biblioteca Actual Procedencia (Biblioteca) Ubicacón Fecha Ingreso Tipo de Adquisición Date last seen Total checkouts Price effective from Tipo de Item Estado del Material Fuente de Clasificación Damaged status Withdrawn status
364.3 G63 1085223 Universidad Católica San Pablo 1 Disponible Disponible Víctor Andrés Belaunde Víctor Andrés Belaunde Planta baja abierta 30/03/2026 Compra 30/03/2026   30/03/2026 Libro Bueno Dewey Decimal Classification    
364.3 G63 1085224 Universidad Católica San Pablo 2 Disponible Disponible Víctor Andrés Belaunde Víctor Andrés Belaunde Planta baja abierta 30/03/2026 Compra 30/03/2026   30/03/2026 Libro Bueno Dewey Decimal Classification